Daňová politika EÚ a konkurencieschopnosť ekonomiky diplomová práca

Na minha lista:
Detalhes bibliográficos
Autor principal: Chnupová, Zuzana
Autor Corporativo: Národohospodárska fakulta EU. Katedra financií
Outros Autores: Schultzová, Anna
Formato: Livro
Idioma:eslovaco
Publicado em: Bratislava 2014
Tags: Adicionar Tag
Sem tags, seja o primeiro a adicionar uma tag!

MARC

LEADER 00000nbm a2200000 4500
001 0187486
005 20170201085949.5
041 0 |a slo 
044 |a SK 
245 1 0 |a Daňová politika EÚ a konkurencieschopnosť ekonomiky  |b diplomová práca  |c Zuzana Chnupová ; školiteľ: Anna Schultzová 
264 1 |a Bratislava  |c 2014 
300 |a 68 s. 
100 1 |a Chnupová, Zuzana 
700 1 |a Schultzová, Anna 
710 2 |a Národohospodárska fakulta EU. Katedra financií